Statistics for Spike Lee Movies

Click here to take the quiz!

General Stats

  • This quiz has been taken 70 times
  • The average score is 8 of 26

Answer Stats

HintAnswer% Correct
1989Do the Right Thing
95%
1992Malcolm X
77%
1991Jungle Fever
59%
200225th Hour
47%
1986She's gotta Have It
47%
1998He Got Game
41%
2006Inside Man
41%
1990Mo' Better Blues
41%
2013Oldboy
41%
1987School Daze
39%
1994Crooklyn
38%
1995Clockers
33%
1999Summer of Sam
27%
2015Chiraq
25%
2000Bamboozled
20%
1996Girl 6
20%
1996Get On the Bus
16%
2012Red Hook Summer
16%
2004She Hate Me
14%
2008Miracle at St. Anna
11%
2014Da Sweet Blood of Jesus
6%
1983Joe's Bed-Stuy Barbershop: We Cut Heads
6%
1995Lumière and Company
2%
2005All the Invisible Children
0%
2008Passing Strange
0%
2002Ten Minutes Older: The Trumpet
0%

Score Distribution

Percentile by Number Answered

Percent of People with Each Score

Your Score History

You have not taken this quiz